[Event "Xabia op 1st"]
[Site "Xabia"]
[Date "2015.04.26"]
[Round "7"]
[White "Morell Ibarra, Javier"]
[Black "Insa Alfonso, Pablo"]
[Result "1/2-1/2"]
[WhiteElo "1622"]
[BlackElo "2104"]
[PlyCount "113"]
[EventDate "2015.04.24"]
[EventType "swiss"]
[EventRounds "7"]
[EventCountry "ESP"]
[SourceTitle "EXT 2019"]
[Source "ChessBase"]
[SourceDate "2018.10.10"]
[SourceVersion "1"]
[SourceVersionDate "2018.10.10"]
[SourceQuality "1"]

1. d4 d5 2. e4 dxe4 3. Nc3 Nf6 4. f3 e3 5. Bxe3 e6 6. Bd3 a6 7. Nge2 Nbd7 8. 0-0 Be7 9. Qe1 b5 10. Qg3 g6 11. Ne4 Nh5 12. Qf2 0-0 13. Bh6 Re8 14. g4 Ng7 15. Rae1 Bb7 16. Rd1 Rc8 17. Be3 Nf6 18. Nxf6+ Bxf6 19. Be4 Bd5 20. b3 Bg5 21. Bxg5 Qxg5 22. Kh1 f5 23. gxf5 Nxf5 24. Rg1 Qe3 25. Qxe3 Nxe3 26. Rd2 c5 27. Bxd5 exd5 28. c3 c4 29. b4 Rf8 30. f4 Rce8 31. h3 Nf5 32. Rc2 Re3 33. Kh2 Rfe8 34. Ng3 Nxg3 35. Rxg3 Rxg3 36. Kxg3 Re3+ 37. Kg4 h5+ 38. Kg5 Kg7 39. f5 gxf5 40. Kxf5 Rxh3 41. Ke5 h4 42. Kxd5 Rg3 43. Kc6 h3 44. Rh2 Rxc3 45. d5 Rd3 46. d6 Kf7 47. Kc7 Ke6 48. Re2+ Kf5 49. d7 Kf4 50. d8Q Rxd8 51. Kxd8 Kf3 52. Re6 h2 53. Rf6+ Kg2 54. Rg6+ Kf2 55. Rh6 Kg2 56. Rg6+ Kf2 57. Rh6 1/2-1/2